Význam audítorskej profesie v procese zvyšovania vierohodnosti finančných informácií diplomová práca

Salvato in:
Dettagli Bibliografici
Autore principale: Strašková, Klára
Ente Autore: Fakulta hospodárskej informatiky EU. Katedra účtovníctva a audítorstva
Altri autori: Kňažková, Veronika, 1986-
Natura: Libro
Lingua:slovacco
Pubblicazione: Bratislava 2018
Tags: Aggiungi Tag
Nessun Tag, puoi essere il primo ad aggiungerne!!

MARC

LEADER 00000nbm a2200000 4500
001 0243536
005 20181108092652.7
041 0 |a slo 
044 |a SK 
245 1 0 |a Význam audítorskej profesie v procese zvyšovania vierohodnosti finančných informácií  |b diplomová práca  |c Klára Strašková ; školiteľ: Veronika Kňažková 
264 1 |a Bratislava  |c 2018 
300 |a 70 s. 
100 1 |a Strašková, Klára 
700 1 |a Kňažková, Veronika, 1986- 
710 2 |a Fakulta hospodárskej informatiky EU. Katedra účtovníctva a audítorstva